000 00634cam a22001337a 4500
008 180718b1967 xxu||||| |||| 00| 0 eng d
082 _aB706x42 Un3/We/9
100 _aRoyal Commission on Local Government in England
245 _aRoyal commission on Local Government in England: written evidence of the County Councils Association, Association of Muciple Corporations, National Association of Parish Councils, Rural District Councils Association, Urban District Councils Association
260 _aLondon
_bHer Majesty's Stationery Office
_c1967
300 _a315+p.
500 _aChairman: John Maud
700 _aMaud, John (Chairman)
999 _c488364
_d488364